000 02192na a2200433 4500
001 22692
003 MIRAKIL
005 20181213154959.0
008 170223b tu 000 0
040 _aMilas
_btur
_cTR-AnCHP
041 _atur
082 _aCHP 305.23
_bC3634g [2008-2010]
090 _aCHP 305.23 C3634g [2008-2010]
091 _aGENÇLİK 3
110 _aCumhuriyet Halk Partisi (CHP)
_bGençlik Kolları
_bKocaeli İl Kolu
222 _aGençlik raporları
245 _a[CHP Kocaeli İl Gençlik Kollarının bazı faaliyet ve raporları]
_cCHP Kocaeli Gençlik Kolları
246 _aCHP Kocaeli il gençlik kolları çalışma raporları
260 _aAnkara
_bCHP Kocaeli Gençlik Kolları
_c[2008-2010]
300 _ac
_c30 sm.
440 _aCumhuriyet Halk Partisi yayınları
_pRaporlar
505 _a1)CHP Kocaeli İl Gençlik Kolları faaliyet rapor: Şubat-Haziran 2008 - 2) CHP Kocaeli İl Gençlik Kolları Başkanlığı 2010 yılı çalışma raporu : (Ocak-Nisan 2010) [2008-2010 yılları çalışma raporları] - 3) "41 Kere maşallah - AKP yolsuzlukları" projesi -- 4) "41 Kere maşallah - AKP yolsuzlukları sergisi - 5) 2008-2010 yılları gazete küpürleri
610 _aCHP
_bGençlik Kolları
_bKocaeli İl Kolu
_yÇalışma raporları
610 _aCHP
_xRaporlar
_yGençlik
650 _aGençlik
_xRaporlar
_zTürkiye
650 _aGençler
_xSiyasal katılım
_zTürkiye
740 _aCHP gençlik raporları
740 _a2008-2010 yılları gazete küpürleri/ CHP Kocaeli İl Gençlik Kolları
740 _aCHP Kocaeli İl Gençlik Kolları faaliyet rapor: Şubat-Haziran 2008
740 _aCHP gençlik kolları çalışma raporları
740 _aCHP Kocaeli İl gençlik Kolu çalışma raporu: 1963-1965
740 _aCHP Kocaeli İl Gençlik Kolları Başkanlığı 2010 yılı çalışma raporu : (Ocak-Nisan 2010)
740 _aCHP Kocaeli İl Gençlik Kolları 2008-2010 yılları çalışma raporları
740 _a41 Kere maşallah - AKP yolsuzlukları projesi
740 _a41 Kere maşallah - AKP yolsuzlukları sergisi
830 _aCHP raporları
942 _2ddc
_cBKS
999 _c4276
_d4276